Statistics for Guess the Lyrics #54

Click here to take the quiz!

General Stats

  • This quiz has been taken 718 times
    (230 since last reset)
  • The average score is 82 of 189

Answer Stats

Lyrics% Correct
a
96%
the
91%
The
91%
you
91%
You
91%
We
82%
we
82%
An
80%
an
80%
who
79%
to
78%
To
78%
do
76%
it
75%
love
74%
And
73%
and
73%
be
73%
your
72%
are
71%
Go
71%
in
69%
is
67%
no,
66%
what
65%
then
64%
You're
58%
that
56%
don't
55%
For
55%
know
55%
of
55%
were
54%
If
53%
could
51%
one
51%
how
49%
(How
49%
Was
43%
was
43%
had
41%
Oh
40%
from
37%
down?
36%
just
36%
going
31%
only
31%
let
28%
Well,
27%
you've
27%
done
26%
here
26%
right
25%
start
23%
last
21%
sing
18%
fall
17%
house
17%
we'd
17%
known
16%
thought
16%
curtain
15%
Before
14%
bring
14%
everyone
14%
long?)
14%
long
14%
please
13%
show
13%
curtain
12%
play
12%
play?
12%
which
12%
today
11%
actor
9%
part
9%
whose
9%
actors
7%
chance
7%
fell
7%
stage
7%
lot
6%
tried
6%
ago,
5%
acting
4%
apart
4%
clear
4%
darkness
4%
quite
4%
save
4%
dreamed
3%
lines
3%
There'd
3%
begun
2%
certain
2%
clown
2%
costume
2%
honest
2%
If Everyone Was Listening - Supertramp
2%
indeed!
2%
jesters
2%
listened
2%
listening,
2%
no-one's
2%
plead?
2%
props
2%
raising
2%
re-learn
2%
schemed
2%
Who'll
2%
finale's
1%

Score Distribution

Percentile by Number Answered

Percent of People with Each Score

Your Score History

You have not taken this quiz since the last reset